[Event "Xtracon Grand Master 2015"]
[Site "Koge"]
[Date "2015.10.17"]
[Round "8"]
[White "Kristiansen, Jens"]
[Black "Andreasen, Henrik"]
[Result "1-0"]
[WhiteElo "2431"]
[BlackElo "2219"]
[PlyCount "63"]
[EventDate "2015.??.??"]

1. d4 Nf6 2. c4 e6 3. Nc3 Bb4 4. e3 O-O 5. Bd3 c5 6. Nf3 d5 7. O-O cxd4 8. exd4
dxc4 9. Bxc4 Nc6 10. Bg5 h6 11. Bh4 b6 12. a3 Be7 13. Qd3 Bb7 14. Rad1 Rc8 15.
Ba2 Nd5 16. Nxd5 Bxh4 17. Bb1 g6 18. Nf4 Qf6 19. Nxh4 Rfd8 20. Nhxg6 Rxd4 21.
Qg3 fxg6 22. Nxg6 Kf7 23. f4 Ba6 24. Ne5+ Kf8 25. Bd3 Rcd8 26. Bxa6 Rxd1 27.
Nxc6 R8d2 28. Ne5 Qf5 29. Qh4 h5 30. g4 Rxf1+ 31. Bxf1 Qb1 32. Qxh5 1-0

[Event "Xtracon Grand Master 2015"]
[Site "Koge"]
[Date "2015.10.17"]
[Round "8"]
[White "Percivaldi, Martin"]
[Black "Eriksson, Christian Altenburg"]
[Result "1-0"]
[WhiteElo "2246"]
[BlackElo "2215"]
[PlyCount "127"]
[EventDate "2015.??.??"]

1. d4 d5 2. c4 dxc4 3. e3 Nf6 4. Bxc4 e6 5. Nf3 a6 6. a4 c5 7. O-O Nc6 8. Qe2
Qc7 9. Rd1 Be7 10. Nc3 O-O 11. b3 b6 12. d5 exd5 13. Bxd5 Bg4 14. h3 Bh5 15.
Bb2 Rad8 16. Qxa6 Nb4 17. Qc4 Rxd5 18. Nxd5 Nfxd5 19. Rxd5 Bxf3 20. gxf3 Nxd5
21. Qxd5 Qc8 22. Qe4 Qd8 23. Bc3 Bf6 24. Bxf6 Qxf6 25. Rd1 Rd8 26. Rd5 h6 27.
Re5 Rd1+ 28. Kg2 Rd8 29. f4 g6 30. Re7 Rc8 31. Qb7 Qc6+ 32. Qxc6 Rxc6 33. Re4
Rd6 34. b4 cxb4 35. Rxb4 Kg7 36. Kf3 Kf6 37. Ke4 Ke6 38. Rd4 Rc6 39. Kd3 g5 40.
Rc4 Rd6+ 41. Kc3 Kf5 42. Kb4 g4 43. e4+ Kxf4 44. hxg4 Rg6 45. e5+ Kxe5 46. Kb5
Kd5 47. Rf4 Ke6 48. f3 Ke7 49. Ka6 Rd6 50. Kb7 Rg6 51. Kc7 Ke8 52. Re4+ Kf8 53.
Rb4 Rf6 54. Rxb6 Rxf3 55. a5 Rf4 56. a6 Rxg4 57. a7 Ra4 58. Rb8+ Kg7 59. a8=Q
Rxa8 60. Rxa8 h5 61. Kd6 Kf6 62. Ra5 Kg6 63. Ke5 Kg5 64. Ke4+ 1-0

[Event "Xtracon Grand Master 2015"]
[Site "Koge"]
[Date "2015.10.17"]
[Round "8"]
[White "Bruun, Henrik Emil"]
[Black "Nielsen, Rogvi Egilstoft"]
[Result "1-0"]
[WhiteElo "2115"]
[BlackElo "2301"]
[PlyCount "61"]
[EventDate "2015.??.??"]

1. e4 d5 2. exd5 Nf6 3. d4 Bg4 4. Bb5+ Nbd7 5. f3 Bf5 6. g4 Bg6 7. Nc3 a6 8.
Ba4 b5 9. Bb3 Nb6 10. a4 Nbxd5 11. Nxd5 Nxd5 12. Qe2 e6 13. axb5 a5 14. h4 h5
15. g5 Bd6 16. Nh3 O-O 17. Bd2 Bg3+ 18. Nf2 e5 19. Kf1 exd4 20. Ne4 Re8 21. Kg2
Be5 22. Rhe1 Kh8 23. Qc4 Nb6 24. Qc6 d3 25. c3 Qc8 26. Rad1 a4 27. Ba2 a3 28.
b4 Kg8 29. Qxg6 Qd7 30. Nf6+ Bxf6 31. gxf6 1-0

[Event "Xtracon Grand Master 2015"]
[Site "Koge"]
[Date "2015.10.17"]
[Round "8"]
[White "Molvig, Julius"]
[Black "Pedersen, Jan Nordenbaek"]
[Result "0-1"]
[WhiteElo "1879"]
[BlackElo "2196"]
[PlyCount "72"]
[EventDate "2015.??.??"]

1. d4 d5 2. c4 c6 3. Nf3 Nf6 4. Nc3 dxc4 5. a4 Bf5 6. e3 e6 7. Bxc4 Bb4 8. O-O
O-O 9. Qe2 Bg4 10. h3 Bh5 11. Rd1 Qa5 12. Bd2 Nbd7 13. e4 e5 14. d5 Nb6 15. Bb3
cxd5 16. exd5 e4 17. Nxe4 Nxe4 18. Qxe4 Bxd2 19. Nxd2 Bxd1 20. Rxd1 Nd7 21. Qe7
Nc5 22. Nc4 Qb4 23. Rd4 Rae8 24. Qg5 Qe1+ 25. Kh2 Nxb3 26. Rg4 g6 27. f4 Nd2
28. Nxd2 Qxd2 29. Qh6 Re2 30. d6 Rd8 31. Rg5 Qxd6 32. Rg3 Rxb2 33. h4 Rb4 34.
Rg4 f5 35. Rg3 Rxf4 36. Rg5 Rxh4+ 0-1

[Event "Xtracon Grand Master 2015"]
[Site "Koge"]
[Date "2015.10.17"]
[Round "8"]
[White "Pedersen, Hans Dahl"]
[Black "Lauritsen, Niels"]
[Result "1/2-1/2"]
[WhiteElo "2187"]
[BlackElo "2109"]
[PlyCount "85"]
[EventDate "2015.??.??"]

1. c4 Nc6 2. g3 d5 3. cxd5 Qxd5 4. Nf3 Bg4 5. Bg2 e5 6. Nc3 Qd7 7. h3 Bh5 8.
Qa4 Nf6 9. g4 Bg6 10. Nh4 Bc5 11. d3 O-O 12. O-O Nd8 13. Nxg6 hxg6 14. g5 Qxa4
15. Nxa4 Nd7 16. Nxc5 Nxc5 17. Be3 Nce6 18. Rfc1 c6 19. Rc4 Re8 20. Be4 Nf4 21.
Bxf4 exf4 22. h4 Ne6 23. Rac1 Rad8 24. Rb4 Re7 25. e3 fxe3 26. fxe3 c5 27. Rb3
b6 28. a4 c4 29. Rxc4 Nc5 30. Rbc3 Nxe4 31. Rxe4 Rxe4 32. dxe4 Rd2 33. Rc8+ Kh7
34. Rc7 Rxb2 35. Rxa7 Rb4 36. Rxf7 Rxe4 37. Rf4 Rxe3 38. Kf2 Rb3 39. Ke2 b5 40.
axb5 Rxb5 41. Kf3 Ra5 42. Kg4 Ra1 43. Rb4 1/2-1/2

[Event "Xtracon Grand Master 2015"]
[Site "Koge"]
[Date "2015.10.17"]
[Round "8"]
[White "Hartung Nielsen, Jens"]
[Black "Lauritsen, Martin Lee"]
[Result "1/2-1/2"]
[WhiteElo "2183"]
[BlackElo "2097"]
[PlyCount "53"]
[EventDate "2015.??.??"]

1. e4 e5 2. Nf3 Nc6 3. Bb5 a6 4. Ba4 Nf6 5. d4 Nxe4 6. Qe2 Nd6 7. dxe5 Nf5 8.
Qe4 Nfe7 9. Ng5 h6 10. Nh7 d5 11. exd6 Qxd6 12. Nxf8 b5 13. Bb3 Bf5 14. Qf4
Rxf8 15. Qxd6 cxd6 16. Be3 Nb4 17. Kd2 Kd7 18. Nc3 Be6 19. f3 Rfc8 20. Rhc1 Ng6
21. f4 Nh4 22. Rg1 Nf5 23. Bf2 Ne7 24. g4 Bxb3 25. cxb3 Nbd5 26. f5 Rc6 27. a3
1/2-1/2

[Event "Xtracon Grand Master 2015"]
[Site "Koge"]
[Date "2015.10.17"]
[Round "8"]
[White "Henriksen, Kasper"]
[Black "Larsen, Ulrik"]
[Result "1-0"]
[WhiteElo "2158"]
[BlackElo "1996"]
[PlyCount "81"]
[EventDate "2015.??.??"]

1. d4 d5 2. c4 e6 3. Nc3 c5 4. cxd5 exd5 5. Nf3 Nc6 6. g3 Nf6 7. Bg2 Be7 8. O-O
O-O 9. dxc5 Bxc5 10. Bg5 d4 11. Ne4 Be7 12. Bxf6 Bxf6 13. Nxf6+ Qxf6 14. Qa4
Bg4 15. Rfd1 Rad8 16. Rd2 h5 17. h3 Bf5 18. Rad1 d3 19. exd3 Bxh3 20. Bxh3 Qxf3
21. Bg2 Qf6 22. d4 h4 23. d5 Ne5 24. Qxh4 Qb6 25. Qd4 Qd6 26. a3 a6 27. Re2 Nd7
28. Rde1 Nf6 29. Re5 Rfe8 30. f4 Rf8 31. Bf3 Rc8 32. g4 b5 33. Qe3 Rc2 34. g5
Nd7 35. Re7 Rxb2 36. Rc1 Ra2 37. Rc6 Qxa3 38. Qxa3 Rxa3 39. Be4 Nb8 40. Rcc7 b4
41. g6 1-0

[Event "Xtracon Grand Master 2015"]
[Site "Koge"]
[Date "2015.10.17"]
[Round "8"]
[White "Pedersen, Henrik Dahl"]
[Black "Jacobsen, Heidrikur T"]
[Result "1-0"]
[WhiteElo "2199"]
[BlackElo "1963"]
[PlyCount "121"]
[EventDate "2015.??.??"]

1. d4 Nf6 2. Nf3 d5 3. c4 e6 4. Nc3 c6 5. Bg5 Nbd7 6. e3 Qa5 7. Bxf6 Nxf6 8.
Nd2 Bb4 9. Qb3 O-O 10. Be2 Re8 11. O-O Bxc3 12. bxc3 e5 13. cxd5 cxd5 14. Nf3
exd4 15. cxd4 Ne4 16. Rfc1 Rb8 17. Ne5 Be6 18. a4 Rec8 19. Rxc8+ Rxc8 20. Qb5
Qd2 21. Qd3 Rc1+ 22. Rxc1 Qxc1+ 23. Bf1 Qe1 24. Qe2 Qxe2 25. Bxe2 Nc3 26. Bb5
a6 27. Be8 Kf8 28. Bd7 Ke7 29. Bxe6 fxe6 30. a5 Ne2+ 31. Kf1 Nc1 32. Ke1 Nb3
33. Nd3 Kd6 34. f4 Kc6 35. g4 Nxa5 36. Nc5 Nc4 37. Ke2 a5 38. Nxe6 a4 39. Kd3
b6 40. Kc3 Nxe3 41. h3 h5 42. gxh5 Nf5 43. Nxg7 Nh6 44. Kb4 b5 45. Ne6 Nf5 46.
Nc5 Kd6 47. Na6 Kc6 48. Ka3 Kd6 49. Nb4 Nh6 50. Nc2 Ke6 51. Kb4 Kf5 52. Kxb5
Kxf4 53. Kxa4 Kg5 54. Ne3 Kxh5 55. Kb5 Kh4 56. Kc6 Kxh3 57. Kxd5 Kh4 58. Ke6
Kg5 59. d5 Kg6 60. Nc4 Nf7 61. Ne5+ 1-0

[Event "Xtracon Grand Master 2015"]
[Site "Koge"]
[Date "2015.10.17"]
[Round "8"]
[White "Marthedal, Anton Mehmet Yildiz"]
[Black "Andersen, Rune"]
[Result "0-1"]
[WhiteElo "1866"]
[BlackElo "2103"]
[PlyCount "130"]
[EventDate "2015.??.??"]

1. d4 d5 2. c4 c6 3. Nc3 Nf6 4. Bg5 Nbd7 5. e3 Qa5 6. Qc2 e6 7. a3 Ne4 8. Bh4
g5 9. Bg3 h5 10. f3 Nxg3 11. hxg3 Bd6 12. Rh3 Nf6 13. g4 Bd7 14. gxh5 e5 15. g4
exd4 16. exd4 O-O-O 17. O-O-O dxc4 18. Bxc4 Nxg4 19. fxg4 Bxg4 20. Bxf7 Bf4+
21. Kb1 Kb8 22. d5 Bxd1 23. Qxd1 Rhf8 24. Bg6 cxd5 25. Rd3 d4 26. Rxd4 Rxd4 27.
Qxd4 Be5 28. Qd1 g4 29. Nge2 g3 30. Be4 Qb6 31. Qd5 Qc7 32. Nb5 Qe7 33. h6 Rd8
34. Qb3 a6 35. Nbc3 Qc7 36. h7 Qg7 37. Qb6 Rh8 38. Qe6 g2 39. Bxg2 Rxh7 40. Qd5
Rh6 41. Be4 Rd6 42. Qb3 Ka7 43. Nd5 Qf7 44. Ka2 Qf2 45. Qe3+ Qxe3 46. Nxe3 Rd2
47. Nc4 Rxe2 48. Nxe5 Rxe4 49. Nd3 Kb6 50. Nf2 Rd4 51. Kb3 Kb5 52. Kc3 Rf4 53.
Nd1 Ka4 54. Kc2 Rf3 55. Nc3+ Ka5 56. Kb3 b5 57. Ka2 Kb6 58. Nb1 a5 59. Nc3 Kc5
60. Nb1 Rd3 61. Nc3 Kc4 62. Ne2 b4 63. a4 b3+ 64. Kb1 Rd1+ 65. Nc1 Re1 0-1

[Event "Xtracon Grand Master 2015"]
[Site "Koge"]
[Date "2015.10.17"]
[Round "8"]
[White "Nielsen, Jan Mose"]
[Black "Wang, Peter"]
[Result "1-0"]
[WhiteElo "2014"]
[BlackElo "1888"]
[PlyCount "75"]
[EventDate "2015.??.??"]

1. d4 e6 2. c4 d5 3. Nc3 c6 4. e4 Nf6 5. Bg5 Be7 6. Bxf6 Bxf6 7. Nf3 b6 8. cxd5
cxd5 9. exd5 exd5 10. Bb5+ Kf8 11. O-O g6 12. Qa4 Kg7 13. Ne5 a6 14. Rad1 Bb7
15. Be2 Qd6 16. Bf3 Rd8 17. Qb3 Be7 18. Ng4 Qb4 19. Qc2 Qc4 20. Qd2 Qc8 21.
Qh6+ Kg8 22. Rfe1 Qc7 23. Bxd5 Nc6 24. Bxf7+ Kh8 25. Bxg6 Bf8 26. Qh5 Nxd4 27.
Ne5 Qg7 28. Nf7+ Kg8 29. Nxd8 Rxd8 30. Be4 Bc8 31. Bxh7+ Qxh7 32. Qg5+ Qg7 33.
Qxd8 Bb7 34. Nd5 Nf3+ 35. Kh1 Nxe1 36. Rxe1 Qh6 37. Re3 Qh5 38. Nf6+ 1-0

[Event "Xtracon Grand Master 2015"]
[Site "Koge"]
[Date "2015.10.17"]
[Round "8"]
[White "Moe, Mogens"]
[Black "Jensen, Tommy"]
[Result "0-1"]
[WhiteElo "2082"]
[BlackElo "1849"]
[PlyCount "86"]
[EventDate "2015.??.??"]

1. e4 e5 2. Nf3 Nc6 3. d4 exd4 4. Nxd4 Nf6 5. Nxc6 bxc6 6. e5 Nd5 7. c4 Nb6 8.
Bd3 g6 9. Nd2 Bg7 10. O-O O-O 11. Nf3 d5 12. exd6 cxd6 13. Bg5 Qc7 14. Qd2 Be6
15. Rac1 Na4 16. b3 Nc5 17. Bb1 Nb7 18. Qf4 f6 19. Bh6 Bxh6 20. Qxh6 Qg7 21.
Qe3 Rfe8 22. Rfe1 Bd7 23. Qd2 Rxe1+ 24. Rxe1 Qf7 25. Nd4 Re8 26. Be4 d5 27.
cxd5 cxd5 28. Bf3 Rxe1+ 29. Qxe1 Nc5 30. Qa5 Ne4 31. Qxa7 Qe8 32. Qa5 Qe5 33.
Qb4 Qc7 34. Qe1 Qa7 35. Qa1 Qc5 36. Qb2 Qb4 37. Kf1 Nd2+ 38. Ke2 Nxf3 39. gxf3
Qe7+ 40. Kd1 Qe5 41. a4 Qxh2 42. a5 Qg1+ 43. Ke2 Bh3 0-1

[Event "Xtracon Grand Master 2015"]
[Site "Koge"]
[Date "2015.10.17"]
[Round "8"]
[White "Nielsen, Kai Gylling"]
[Black "Chittka, Julius"]
[Result "1-0"]
[WhiteElo "1755"]
[BlackElo "2053"]
[PlyCount "61"]
[EventDate "2015.??.??"]

1. Nf3 Nf6 2. g3 d5 3. d4 e6 4. Bg2 Be7 5. O-O O-O 6. Nbd2 Nbd7 7. Re1 b6 8. e4
Nxe4 9. Nxe4 dxe4 10. Rxe4 Bb7 11. Re1 Nf6 12. c3 c5 13. dxc5 Qxd1 14. Rxd1
Bxc5 15. b4 Be7 16. Bb2 Rac8 17. Rac1 Bd5 18. Nd4 Bxg2 19. Kxg2 Ne4 20. Rd3
Rfd8 21. Rcd1 Nd6 22. Nf3 Nc4 23. Bc1 Bf6 24. Bg5 Rxd3 25. Rxd3 Bxg5 26. Nxg5
Ne5 27. Re3 Nd7 28. Rd3 Nf6 29. Nf3 Nd5 30. Nd4 Nxc3 31. Nc6 1-0

[Event "Xtracon Grand Master 2015"]
[Site "Koge"]
[Date "2015.10.17"]
[Round "8"]
[White "Larsen, Preben R"]
[Black "Nielsen, Morten Majlund"]
[Result "0-1"]
[WhiteElo "1844"]
[BlackElo "1980"]
[PlyCount "72"]
[EventDate "2015.??.??"]

1. e4 c5 2. Nf3 d6 3. d4 cxd4 4. Nxd4 Nf6 5. Nc3 a6 6. Be2 e5 7. Nf5 Nxe4 8.
Nxg7+ Bxg7 9. Nxe4 d5 10. Ng3 Be6 11. Nh5 Bf8 12. c3 Nc6 13. Be3 Rg8 14. Qc2
Rxg2 15. Qxh7 Rg6 16. Ng3 d4 17. Rd1 Qa5 18. Bd2 Qxa2 19. Bh5 Rg7 20. Qb1 dxc3
21. Bxc3 Qxb1 22. Rxb1 O-O-O 23. Rd1 Bb4 24. Rxd8+ Kxd8 25. Bf3 Bxc3+ 26. bxc3
Kc7 27. Kd2 f5 28. Re1 Rd7+ 29. Kc2 e4 30. h4 Rh7 31. Nxe4 fxe4 32. Bxe4 Re7
33. Rg1 Bf7 34. f3 Nd8 35. Rg5 Ne6 36. Re5 Re8 0-1

[Event "Xtracon Grand Master 2015"]
[Site "Koge"]
[Date "2015.10.17"]
[Round "8"]
[White "Smidt Nielsen, Henrik"]
[Black "Gottschalck, Christian"]
[Result "1/2-1/2"]
[WhiteElo "1908"]
[BlackElo "1817"]
[PlyCount "70"]
[EventDate "2015.??.??"]

1. Nf3 Nf6 2. c4 c5 3. d4 cxd4 4. Nxd4 g6 5. Nc3 Bg7 6. e4 d6 7. Be2 O-O 8. O-O
a6 9. Be3 Bd7 10. Rc1 Nc6 11. h3 Rc8 12. b3 Nxd4 13. Bxd4 Bc6 14. Qd3 e6 15.
Rfd1 Qe7 16. Qe3 Rfd8 17. a4 Nd7 18. Bxg7 Kxg7 19. b4 Nf6 20. b5 axb5 21. axb5
Be8 22. f4 Kg8 23. Kh2 Nd7 24. g4 Nc5 25. Rg1 Qh4 26. g5 f5 27. gxf6 Qxf6 28.
e5 dxe5 29. fxe5 Qg7 30. Rce1 Nb3 31. Ne4 Qxe5+ 32. Rg3 Nc5 33. Nxc5 Rxc5 34.
Bg4 Qxe3 35. Rgxe3 Bf7 1/2-1/2

[Event "Xtracon Grand Master 2015"]
[Site "Koge"]
[Date "2015.10.17"]
[Round "8"]
[White "Andersen, Bjarne Hjorth"]
[Black "Rasmussen, Henning"]
[Result "1/2-1/2"]
[WhiteElo "2037"]
[BlackElo "1800"]
[PlyCount "56"]
[EventDate "2015.??.??"]

1. e4 e6 2. d4 d5 3. Nd2 c5 4. exd5 Qxd5 5. Ngf3 cxd4 6. Bc4 Qd6 7. O-O Nf6 8.
Nb3 Nc6 9. Nbxd4 Nxd4 10. Nxd4 a6 11. c3 Qc7 12. Be2 Bd6 13. h3 O-O 14. Bg5 Ne4
15. Be3 b6 16. Qc2 Nf6 17. Bf3 Bb7 18. Rad1 Bxf3 19. Nxf3 Bc5 20. Bd4 Bxd4 21.
Rxd4 Rfd8 22. Rfd1 Rxd4 23. Rxd4 Rd8 24. Qa4 Rxd4 25. Nxd4 Qb7 26. Qc4 h6 27.
Kf1 Qe4 28. Qb3 Qb1+ 1/2-1/2

[Event "Xtracon Grand Master 2015"]
[Site "Koge"]
[Date "2015.10.17"]
[Round "8"]
[White "Nielsen, Jens Holm"]
[Black "Hansen, Lars Henrik Bech"]
[Result "1/2-1/2"]
[WhiteElo "1827"]
[BlackElo "1956"]
[PlyCount "41"]
[EventDate "2015.??.??"]

1. d4 g6 2. Nf3 Bg7 3. c3 Nf6 4. Bf4 d6 5. Nbd2 O-O 6. e3 b6 7. h3 Bb7 8. Be2
Nbd7 9. O-O Nh5 10. Bh2 e5 11. Qb3 Kh8 12. dxe5 dxe5 13. Rad1 Qe7 14. Ne1 Nc5
15. Qc2 Rad8 16. b4 Nd7 17. Nef3 c5 18. a3 cxb4 19. axb4 Nb8 20. Nc4 e4 21.
Rxd8 1/2-1/2

[Event "Xtracon Grand Master 2015"]
[Site "Koge"]
[Date "2015.10.17"]
[Round "8"]
[White "Kirkebaekke, Mark"]
[Black "Martinez Vestergaard, Kristian"]
[Result "0-1"]
[WhiteElo "1759"]
[BlackElo "1891"]
[PlyCount "62"]
[EventDate "2015.??.??"]

1. e4 e6 2. c4 c5 3. Nc3 Nc6 4. Nf3 Nge7 5. d4 cxd4 6. Nb5 d6 7. Nfxd4 Nxd4 8.
Qxd4 Nc6 9. Qd1 a6 10. Nc3 Be7 11. Be3 O-O 12. Be2 Bd7 13. O-O Rc8 14. Qb3 Na5
15. Qb4 d5 16. c5 Nc6 17. Qa4 d4 18. Bxd4 Nxd4 19. Qxd4 Bxc5 20. Qd2 Qe7 21.
Rad1 Bc6 22. Qf4 f5 23. Qe5 b5 24. a3 fxe4 25. b4 Rf5 26. Qg3 Rg5 27. Qh3 Ba7
28. Bg4 Rg6 29. g3 e3 30. Nd5 exf2+ 31. Kh1 Rd8 0-1

[Event "Xtracon Grand Master 2015"]
[Site "Koge"]
[Date "2015.10.17"]
[Round "8"]
[White "Stage Steffensen, Sander"]
[Black "Philipsen, William Horup"]
[Result "0-1"]
[WhiteElo "1515"]
[BlackElo "1955"]
[PlyCount "98"]
[EventDate "2015.??.??"]

1. d4 d5 2. c4 e5 3. dxe5 d4 4. Nf3 Nc6 5. a3 Bg4 6. Nbd2 Qe7 7. g3 O-O-O 8.
Bg2 d3 9. h3 dxe2 10. Qxe2 Nd4 11. Qe4 Bf5 12. Qf4 Nc2+ 13. Kf1 Bd3+ 14. Kg1
Nxa1 15. Nd4 Nc2 16. Qf3 Nxd4 17. Qxb7+ Kd7 18. Nb3 Qxe5 19. Nxd4 Qxd4 20. Qc6+
Ke7 21. Kh2 Rd6 22. Re1+ Re6 23. Qxc7+ Qd7 24. Qc5+ Ke8 25. Rxe6+ fxe6 26. Qh5+
Bg6 27. Qf3 Nf6 28. Qa8+ Kf7 29. Bg5 h6 30. Bxf6 gxf6 31. Bc6 Qd4 32. Be8+ Kg8
33. Bxg6 Qxf2+ 34. Kh1 Qxg3 35. Qe8 Qxh3+ 36. Kg1 Qg3+ 37. Kf1 Qc7 38. Qxe6+
Kg7 39. Qg4 Rg8 40. Bf5+ Kh8 41. Qd4 Qe5 42. Qxe5 fxe5 43. b4 Bxb4 44. axb4 Rf8
45. c5 Rxf5+ 46. Ke2 Rf4 47. b5 Rb4 48. c6 Rxb5 49. Kd3 Rc5 0-1

[Event "Xtracon Grand Master 2015"]
[Site "Koge"]
[Date "2015.10.17"]
[Round "8"]
[White "Rendlev, Niels Moller"]
[Black "Tolba, Henri"]
[Result "1/2-1/2"]
[WhiteElo "1777"]
[BlackElo "1717"]
[PlyCount "49"]
[EventDate "2015.??.??"]

1. f4 d5 2. e3 Nf6 3. d4 Bg4 4. Nf3 e6 5. Be2 Nbd7 6. Nbd2 c6 7. c3 Bd6 8. O-O
Qc7 9. Ne5 Bxe2 10. Qxe2 g6 11. Ndf3 h6 12. Bd2 Rh7 13. b4 Ne4 14. a4 Rg7 15.
Be1 f6 16. Nd3 b6 17. a5 b5 18. Nc5 Bxc5 19. dxc5 f5 20. Nd4 Kf7 21. Rc1 Ndf6
22. Nf3 Nd7 23. Nh4 h5 24. Rc2 a6 25. Qf3 1/2-1/2

[Event "Xtracon Grand Master 2015"]
[Site "Koge"]
[Date "2015.10.17"]
[Round "8"]
[White "Bue, Gunnar"]
[Black "Hein, Jacob"]
[Result "1-0"]
[WhiteElo "1640"]
[BlackElo "1415"]
[PlyCount "71"]
[EventDate "2015.??.??"]

1. d4 e6 2. c4 Bb4+ 3. Bd2 Be7 4. Nf3 Nf6 5. Nc3 c6 6. e3 Na6 7. a3 Nc7 8. Bd3
d5 9. b3 b6 10. O-O Qd6 11. Qe2 Bb7 12. Ne5 O-O 13. f4 Rae8 14. b4 c5 15. Rab1
cxd4 16. exd4 dxc4 17. Bxc4 Qxd4+ 18. Qf2 Qxf2+ 19. Rxf2 Nfd5 20. Nd7 Nxc3 21.
Bxc3 Nd5 22. Bxd5 exd5 23. Nxf8 Kxf8 24. Re1 Rd8 25. Bxg7+ Kxg7 26. Rxe7 Bc8
27. Rxa7 Bf5 28. Rd2 Rd6 29. h3 h5 30. g4 Rg6 31. Rxd5 Bxg4 32. hxg4 Rxg4+ 33.
Kh2 Kg6 34. Rg5+ Rxg5 35. fxg5 Kxg5 36. Rxf7 1-0

[Event "Xtracon Grand Master 2015"]
[Site "Koge"]
[Date "2015.10.17"]
[Round "8"]
[White "Schjolin, John"]
[Black "Andersen, Daniel"]
[Result "0-1"]
[WhiteElo "1285"]
[BlackElo "1869"]
[PlyCount "53"]
[EventDate "2015.??.??"]

1. d4 Nf6 2. c4 g6 3. Nf3 Bg7 4. Bf4 d5 5. c5 b6 6. cxb6 axb6 7. e3 Nh5 8. Be5
f6 9. Bg3 Nxg3 10. fxg3 O-O 11. Bd3 c5 12. O-O e5 13. dxe5 fxe5 14. Nbd2 e4 15.
Nb3 exd3 16. Rb1 Bd7 17. Nfd2 Rxf1+ 18. Qxf1 Na6 19. Qc1 Qc7 20. Nf1 b5 21.
Nbd2 b4 22. Nc4 dxc4 23. Qxc4+ Kh8 24. Qxd3 Bf5 25. Qd1 Bxb1 26. Qxb1 Qd6 27.
b3 0-1

[Event "Xtracon Grand Master 2015"]
[Site "Koge"]
[Date "2015.10.17"]
[Round "8"]
[White "Stage Steffensen, Theo"]
[Black "Nielsen, Bjorn"]
[Result "1-0"]
[WhiteElo "1033"]
[BlackElo "1358"]
[PlyCount "63"]
[EventDate "2015.??.??"]

1. e4 e5 2. Nc3 Nf6 3. Bc4 Bc5 4. d3 O-O 5. f4 Nc6 6. f5 a6 7. a3 d6 8. Bg5 Bd4
9. Nd5 Kh8 10. Nxf6 Qxf6 11. Bxf6 gxf6 12. c3 Be3 13. Qh5 Nd8 14. Qh4 Bg5 15.
Qf2 c6 16. Nf3 Bh6 17. Qh4 Bg7 18. g4 d5 19. exd5 h6 20. dxc6 Nxc6 21. g5 fxg5
22. Nxg5 Bxf5 23. Nxf7+ Rxf7 24. Bxf7 Bxd3 25. Rg1 Rf8 26. Ba2 Bh7 27. Qa4 Bf6
28. Rd1 Ne7 29. Qb4 Rb8 30. Qd6 Bh4+ 31. Ke2 Rc8 32. Qxe5+ 1-0